000 00625nam a22002057a 4500
999 _c7305
_d7305
003 AR-CdUCM
008 190320b ||||| |||| 00| 0 spa d
040 _aMUNICIPALIDAD PROVINCIAL DEL CUSCO
_cBIBLIOTECA MUNICIPAL DEL CUSCO
082 _a345.746 /
_bS55
100 _aSilva Santisteban, José
_920605
245 _acurso de practicas forense /
260 _aLima :
_bImprenta del Autor,
_c1860.
300 _a226 páginas ;
_c18 cm.
500 _aDonación de la familia Nieto.
650 _aPerú
_935
650 _aJuicios Civiles
_920606
650 _aAgentes fiscales
_920607
942 _2ddc
_cLIBROS
945 _araen